Responses for show #7898 - Wednesday, January 2, 2019

Contestants

Jordan Skidmore, a chef from Dublin, California

Danielle Phillip, an attorney from Ann Arbor, Michigan

Jonathan Dinerstein, a composer from Los Angeles, California (whose 1-day cash winnings total $16,500)

Jeopardy! Round responses

ONE-WORD MOVIE TITLES
IN THEIR WILLS
BUILDING AN IDIOM
(Alex: Each correct response will contain a structure or a dwelling.)
CHARACTER MASHUPS
(Alex: We want you to identify the characters we have mashed up together.)
COUNT
YOUR BLESSINGS
    $200 1
Babe

Jonathan
    $200 6
Greece

Jonathan
    $200 25
(Alex: Less than a minute now.)

mind the store

Jonathan
    $200 22
Huckleberry Finn and Scout Finch

Danielle
    $200 18
(Hans) Geiger

Jonathan
    $200 24
a rainbow

Jonathan
    $400 2
Help!

Jonathan
    $400 7
Diana Ross

Jonathan
    $400 30
betting the farm

Danielle
    $400 23
Fredo Corleone and Bilbo Baggins

Jonathan
    $400 19
retweets

Danielle
    $400 29
Satan (or the devil)

Jordan
    $600 3
Heat

Danielle
    $600 10
Madison

Jonathan
    $600 8
to mend fences

Jonathan
    $600 14
Holden Caulfield and David Copperfield

Jonathan
    $600 20
(Jonathan: What is a white blood cell count?)

a blood count

JonathanDanielle
    $600 28
(Jonathan: Who is Assisi? ...Who is, uh, [*]?)
(Alex: Thank you.)

Francis of Assisi

Jonathan
    $800 4
Room

Danielle
    $800 11
(Henry) Fonda

Jonathan
    $800 9
castles in the air (or in the sky)

Danielle
    $800 15
Rhett Butler and George Smiley

Jonathan
    $800 16
the pollen count

Jonathan
    $800 26
the sermon

Danielle
    $1000 5
Arrival

Jordan
    $1000 12
diamonds

Triple Stumper
    $1000 13
a house of cards

Jonathan
    $1000 17
Sansa Stark and Sancho Panza

Jordan
    $1,000 21
fingerprints

Danielle
    $1000 27
Mormon

Danielle

Scores at the first commercial break (after clue 15):

Jonathan Danielle Jordan
$5,600 $2,200 $1,000

Scores at the end of the Jeopardy! Round:

Jonathan Danielle Jordan
$7,400 $6,600 $2,400

Double Jeopardy! Round responses

THE PLANTAGENETS
ART
THE "CO"-CATEGORY
USA
TV BANDS
HALLMARK ANNIVERSARY GIFTS
    $400 18
the War of Roses

Jordan
    $400 8
the Dutch Masters

Jonathan
    $400 13
a coagulant

Jonathan
    $400 3
the Astrodome

Jonathan
    $400 1
the Pussycats

Jordan
    $400 23
31

Jonathan
    $800 22
(Jonathan: Who is Aquinas?)
(Danielle: Who is More?)

Thomas à Becket

JonathanDanielle
Triple Stumper
    $800 12
Grandma Moses

Jonathan
    $800 14
coats of arms

Triple Stumper
    $800 4
the Cherry Festival

Danielle
    $800 2
The Partridge Family

Jonathan
    $800 24
(Danielle: What's a broom?)

linens

JonathanDanielle
    $1200 28
(Jonathan: What is Scotland?)

Wales

JonathanJordan
    $1200 9
a still life

Jonathan
    $1200 15
corrugated

Jonathan
    $1,400 5
the Library of Congress

Danielle
    $1200 19
Lost

Danielle
    $1200 27
(Alex: Gold is 50. This is [*].)

53

Triple Stumper
    $2,000 29
(Jordan: What is... I don't know.)
(Alex: Well, the famous Stone of [*].)

Scone

Jordan
    $1600 10
the Art Institute of Chicago

Triple Stumper
    $1600 16
coconut water

Danielle
    $1600 6
(Jonathan: What is Sacramento?)

Juneau, Alaska

Jonathan
Triple Stumper
    $1600 20
Dr. Teeth

Jonathan
    $1600 25
(Alex: Less than a minute now.)

a spa

Jonathan
    $2000 11
lunch

Jonathan
    $2000 17
the coefficient of restitution

Jonathan
    $2000 7
(Jordan: What is Wyoming?)

Kansas

Jordan
Triple Stumper
    $2000 21
Saved by the Bell

Jonathan
    $2000 26
lace

Danielle

Scores at the end of the Double Jeopardy! Round:

Jonathan Danielle Jordan
$19,400 $12,000 $400

[wagering suggestions for these scores]

Final Jeopardy! Round responses

BRITISH MEMOIRS
(Alex: Famous son of the creator of Winnie-the-Pooh.)
...
(Alex: [To Jonathan] We are going to accept that. [*], the son of A.A. Milne.)
JordanWho is Churchill
$0
DanielleWho is Christopher Tolkien?
$11,000
JonathanWho is Milne?
$4,601
Christopher Robin Milne

Final scores:

Jonathan Danielle Jordan
$24,001 $1,000 $400
2-day champion: $40,501 2nd place: $2,000 3rd place: $1,000

Game dynamics:

Coryat scores:

Jonathan Danielle Jordan
$19,400 $11,800 $2,400
30 R,
4 W
15 R
(including 2 DDs),
2 W
6 R,
2 W
(including 1 DD)

Combined Coryat: $33,600

The J! Archive is created by fans, for fans. The Jeopardy! game show and all elements thereof, including but not limited to copyright and trademark thereto, are the property of Jeopardy Productions, Inc. and are protected under law. This website is not affiliated with, sponsored by, or operated by Jeopardy Productions, Inc. Join the discussion at JBoard.tv.